Invention analysis and claiming a patent lawyer’s guide /

Detalles Bibliográficos
Autor principal: Slusky, Ronald D.
Formato: eBook
Lenguaje:inglés
Publicado: Chicago: American Bar Association, 2012
Materias:
Acceso en línea:Acceso restringido

MARC

LEADER 00000nam a22000007a 4500
005 20210225212249.0
007 cr|||| ||||
008 210225s2012 us |||||s|||| 00||0 eng d
020 |a 978-1-61438-561-5 
035 |a 31359 
040 |a vLex 
090 |c 11279  |d 11279 
100 1 |a Slusky, Ronald D. 
245 1 0 |a Invention analysis and claiming  |h [Recurso electrn̤ico] :  |b a patent lawyer’s guide /  |c Ronald D. Slusky 
256 |a Servicio en ln̕ea 
260 |a Chicago:  |b American Bar Association,  |c 2012 
300 |a 1 recurso electrn̤ico 
506 1 |a Disponible solo en los productos indicados  |d vLex Global  |d vLex Global (Academic Edition, excluding Law Schools)  |d vLex Global (Academic Edition, Law Schools) 
650 0 4 |a Derecho Mercantil y de la Empresa  |z Estados Unidos 
740 0 |a vLex Libros (Servicio en ln̕ea) 
856 4 0 |u http://vlex.com/source/invention-analysis-claiming-patent-lawyers-guide-31359  |z Acceso restringido 
942 |c BOOK 
999 0 |a Commercial and Company Law